skbl

Dr Suryya Kumar Bhuyan Library Web-OPAC
ডঃ সূৰ্য্য
কুমাৰ ভূঞা পুথিভঁৰাল ৱেব-অ'পেক

All Research Scholars are advised to clear the annual library fees to continue using Library Resources, Remote Access, Plagiarism Test and Library Clearance.

Cotton University Book Fair 2026

Atma Jagaran / (Record no. 29113)

MARC details
000 -LEADER
fixed length control field 00655nam a2200265Ia 4500
001 - CONTROL NUMBER
control field 29131
005 - DATE AND TIME OF LATEST TRANSACTION
control field 20240114001119.0
007 - PHYSICAL DESCRIPTION FIXED FIELD--GENERAL INFORMATION
fixed length control field ta
008 - FIXED-LENGTH DATA ELEMENTS--GENERAL INFORMATION
fixed length control field 060622s g b000 u asm u
040 ## - CATALOGING SOURCE
Original cataloging agency Cotton College,Assam
041 ## - LANGUAGE CODE
Language code of text/sound track or separate title asm
082 ## - DEWEY DECIMAL CLASSIFICATION NUMBER
Classification number 207
Item number B 644 At
100 ## - MAIN ENTRY--PERSONAL NAME
Personal name Bara, Jogeswar .
245 #0 - TITLE STATEMENT
Title Atma Jagaran /
Statement of responsibility, etc. Jogeswar Bara.
Medium Textual Documents
250 ## - EDITION STATEMENT
Edition statement 1st ed. /
260 ## - PUBLICATION, DISTRIBUTION, ETC.
Place of publication, distribution, etc. Assam :
Name of publisher, distributor, etc. Satyasandhan Sora ,
Date of publication, distribution, etc. Nd.
300 ## - PHYSICAL DESCRIPTION
Extent 165p. ;
Dimensions 18cm.
653 ## - INDEX TERM--UNCONTROLLED
Uncontrolled term Religion-Assam
653 ## - INDEX TERM--UNCONTROLLED
Uncontrolled term G-Religion
653 ## - INDEX TERM--UNCONTROLLED
Uncontrolled term T/G-Religion
942 ## - ADDED ENTRY ELEMENTS (KOHA)
Source of classification or shelving scheme Dewey Decimal Classification
Koha item type Books
Holdings
Withdrawn status Lost status Damaged status Not for loan Collection Home library Current library Date acquired Coded location qualifier Total checkouts Full call number Barcode Date last seen Copy number Price effective from Koha item type
          Dr. Suryya Kumar Bhuyan Library Dr. Suryya Kumar Bhuyan Library 01/02/2012 00000   207 B 644 At 26484 14/01/2024 1 01/02/2012 Books
          Dr. Suryya Kumar Bhuyan Library Dr. Suryya Kumar Bhuyan Library 01/02/2012 00000   207 B 644 At 26483 14/01/2024 2 01/02/2012 Books

Designed and Maintained by Team SKBL
©1901-2026

Powered by Koha